000 00778nam a2200193 4500
008 171211b xxu||||| |||| 00| 0 eng d
020 _a0879678593
082 _21990
_aDC 808.853
_bT13
245 _aTaking sides :
_bClashing views on controversial economic issues /
_cedited by Thomas R. Swartz and Frank J. Bonello
250 _aFifth edition.
260 _aGuilford, CT :
_bDushkin Pub. Group,
_c©1990.
300 _axxvii, 350 pages :
_billustrations ;
_c24 cm.
500 _aIncludes bibliographical references and index.
650 0 _924805
_aUnited States
_xEconomic policy
_y1971-1981
650 0 _924806
_aUnited States
_xEconomic policy
_y1981-1993
700 _924807
_aSwartz, Thomas R., editor.
700 _924808
_a Bonello, Frank J., editor.
942 _2ddc
_cDC
999 _c8041
_d8041